| 000 | 00438nam a22001817a 4500 | ||
|---|---|---|---|
| 003 | MPLRDC | ||
| 005 | 20220104124419.0 | ||
| 008 | 210129b ||||| |||| 00| 0 eng d | ||
| 020 | _a7-5391-0330-2 | ||
| 082 | _a859.6 FNQ | ||
| 100 | _a艾. 丽. 伏尼契 | ||
| 245 |
_a牛虻 _c李食民 译 |
||
| 250 | _a一版二刷 | ||
| 260 |
_a _b21世纪出版社 _c1991 |
||
| 300 | _b平 | ||
| 650 | _a儿童故事 | ||
| 942 |
_cBK _o859.6 FNQ |
||
| 999 |
_c19142 _d19132 |
||